header

Celia Cruz, queen of salsa (Record no. 262814)

MARC details
000 -LEADER
fixed length control field 00229nam a22000977a 4500
020 ## - INTERNATIONAL STANDARD BOOK NUMBER
ISBN 9780142407790
100 ## - MAIN ENTRY--AUTHOR NAME
Personal name Veronica Chambers
245 ## - TITLE STATEMENT
Title Celia Cruz, queen of salsa
260 ## - PUBLICATION, DISTRIBUTION, ETC. (IMPRINT)
Place of publication New York
Name of publisher Penguin Group
Year of publication 2005
942 ## - ADDED ENTRY ELEMENTS (KOHA)
Koha item type Long Loan Books
Holdings
Withdrawn status Lost status Collection code Home library Current library Shelving location Date acquired Accession Number Koha item type
    Non-fiction Rongo University Library Rongo University Library Children's Area 08/02/2024 CL2021068 Long Loan Books
    Fiction Rongo University Library Rongo University Library Children's Area 08/02/2024 CL2021057 Long Loan Books
    Fiction Rongo University Library Rongo University Library Children's Area 08/02/2024 CL2021052 Long Loan Books
    Fiction Rongo University Library Rongo University Library Children's Area 09/02/2024 CL2021056 Long Loan Books

© 2026 Rongo University
Contact us: librarian | system librarian | Rongo university